[Event "FRA-chT2 1011"]
[Site "France"]
[Date "2010.10.17"]
[Round "1.1"]
[White "Bouvier, Bruno"]
[Black "Todoran, Ion George"]
[Result "1-0"]
[WhiteElo "2261"]
[BlackElo "2202"]
[PlyCount "77"]
[EventDate "2010.10.17"]
[EventType "team-tourn"]
[EventRounds "11"]
[EventCountry "FRA"]
[SourceTitle "EXT 2012"]
[Source "ChessBase"]
[SourceDate "2011.11.24"]
[SourceVersion "1"]
[SourceVersionDate "2011.11.24"]
[SourceQuality "1"]

1. e4 c5 2. Nf3 d6 3. d4 cxd4 4. Nxd4 Nf6 5. Nc3 g6 6. Be3 Bg7 7. f3 0-0 8. Qd2 Nc6 9. Bc4 Bd7 10. 0-0-0 Rb8 11. h4 Ne5 12. Bb3 b5 13. Nd5 Nxd5 14. Bxd5 Nc4 15. Bxc4 bxc4 16. h5 Qb6 17. c3 Qa5 18. a3 Rb7 19. hxg6 fxg6 20. Nc2 Rfb8 21. Nb4 Ba4 22. Qd5+ Qxd5 23. Rxd5 Bb5 24. Rd2 a5 25. Nc2 e5 26. Bg5 d5 27. Rxd5 h6 28. Rd8+ Rxd8 29. Bxd8 Rd7 30. Bxa5 h5 31. Bb6 Ba4 32. Be3 Rd3 33. Bg5 h4 34. Rxh4 Bf8 35. Rh1 Bc5 36. Rd1 Bxc2 37. Kxc2 Be3 38. Bxe3 Rxe3 39. Kd2 1-0

[Event "Rochefort op 4th"]
[Site "Rochefort"]
[Date "2005.??.??"]
[Round "6"]
[White "Bouvier, Bruno"]
[Black "Santo Roman, Marc"]
[Result "1-0"]
[WhiteElo "2250"]
[BlackElo "2410"]
[PlyCount "75"]
[EventDate "2005.02.16"]
[EventType "swiss"]
[EventRounds "7"]
[EventCountry "FRA"]
[SourceTitle "EXT 2006"]
[Source "ChessBase"]
[SourceDate "2005.11.24"]
[SourceVersion "1"]
[SourceVersionDate "2005.11.24"]
[SourceQuality "1"]

1. e4 c5 2. Nf3 e6 3. d4 cxd4 4. Nxd4 Qb6 5. Nb3 Qc7 6. Bd3 Nf6 7. f4 b5 8. Nc3 a6 9. 0-0 Bb7 10. Qf3 b4 11. Ne2 Be7 12. c4 d6 13. Kh1 Nbd7 14. Be3 Nc5 15. Bxc5 dxc5 16. Qe3 a5 17. Rad1 Qc6 18. Nd2 0-0-0 19. h3 h5 20. Nf3 Ng4 21. hxg4 hxg4+ 22. Nh2 Rh4 23. g3 Rh5 24. Bc2 Rdh8 25. Rf2 f5 26. Kg1 Bf6 27. b3 Kb8 28. Rg2 g6 29. Nf1 Rh1+ 30. Kf2 fxe4 31. Rg1 R1h5 32. Nd2 Rh2+ 33. Kf1 Rxe2 34. Qxe2 e3 35. Be4 Qc7 36. Bxb7 Qxb7 37. Qxe3 Bd4 38. Qd3 1-0

[Event "FRA-chT2 0304"]
[Site "France"]
[Date "2004.04.03"]
[Round "10"]
[White "Gervasio, Ricardo"]
[Black "Bouvier, Bruno"]
[Result "1/2-1/2"]
[WhiteElo "2284"]
[BlackElo "2246"]
[PlyCount "97"]
[EventDate "2003.10.??"]
[EventType "team"]
[EventRounds "11"]
[EventCountry "FRA"]
[SourceTitle "EXT 2005"]
[Source "ChessBase"]
[SourceDate "2004.11.15"]
[SourceVersion "1"]
[SourceVersionDate "2004.11.15"]
[SourceQuality "1"]

1. d4 d5 2. Bg5 c6 3. Nc3 Qb6 4. Rb1 Bf5 5. e3 Nd7 6. Nf3 Ngf6 7. Bd3 Bg4 8. Bf4 e6 9. h3 Bh5 10. 0-0 Be7 11. b4 0-0 12. Na4 Qd8 13. Nc5 Nxc5 14. bxc5 Bxf3 15. Qxf3 b6 16. Ba6 Ne4 17. Rbd1 Qd7 18. Bd3 Nc3 19. Rd2 f5 20. Be5 Rf7 21. Qg3 Raf8 22. f3 bxc5 23. dxc5 Na4 24. Rfd1 Nxc5 25. c4 Nxd3 26. Rxd3 Bc5 27. Kh1 Qb7 28. Rb3 Qa6 29. cxd5 cxd5 30. a3 Bxe3 31. Rxe3 f4 32. Bxf4 Rxf4 33. Rde1 R4f6 34. Qg4 Re8 35. Re5 Qxa3 36. Rxd5 Qa2 37. Rg5 Rf7 38. Rge5 Rf6 39. Qe4 Rg6 40. f4 Rf8 41. Re2 Qb3 42. Re3 Qd1+ 43. Re1 Qb3 44. f5 exf5 45. Rxf5 Rgf6 46. Rxf6 Rxf6 47. Qa8+ Rf8 48. Qxa7 Qg3 49. Rb1 1/2-1/2

[Event "Creon op 8th"]
[Site "Creon"]
[Date "2003.07.29"]
[Round "2"]
[White "Bouvier, Bruno"]
[Black "Cioara, Andrei Nestor"]
[Result "1/2-1/2"]
[WhiteElo "2215"]
[BlackElo "2394"]
[PlyCount "66"]
[EventDate "2003.07.28"]
[EventType "swiss"]
[EventRounds "9"]
[EventCountry "FRA"]
[SourceTitle "CBM 095 Extra"]
[Source "ChessBase"]
[SourceDate "2003.09.04"]
[SourceVersion "1"]
[SourceVersionDate "2003.09.04"]
[SourceQuality "1"]

1. e4 e6 2. d4 d5 3. e5 c5 4. c3 Nc6 5. Nf3 Bd7 6. a3 Nge7 7. b4 cxd4 8. cxd4 Qb6 9. Nc3 a6 10. Bb2 Na5 11. Na4 Bxa4 12. Qxa4+ Nec6 13. Rc1 Rc8 14. Nd2 Be7 15. Ba1 Nc4 16. Bxc4 dxc4 17. Nxc4 Qb5 18. Qxb5 axb5 19. Na5 Kd7 20. Nxc6 Rxc6 21. Ke2 Rhc8 22. Rxc6 Rxc6 23. Kd3 Rc4 24. d5 exd5 25. Bd4 Bg5 26. f4 Bxf4 27. Rf1 Bxh2 28. Rxf7+ Ke6 29. Rxb7 Bxe5 30. Bxe5 Kxe5 31. Rxg7 h6 32. Re7+ Kd6 33. Rg7 Ke5 1/2-1/2

[Event "Niort op-A"]
[Site "Niort"]
[Date "2002.09.29"]
[Round "6"]
[White "Bouvier, Bruno"]
[Black "Bedouin, Xavier"]
[Result "1/2-1/2"]
[WhiteElo "2210"]
[BlackElo "2176"]
[PlyCount "82"]
[EventDate "2002.09.??"]
[EventType "swiss"]
[EventRounds "6"]
[EventCountry "FRA"]
[SourceTitle "EXT 2004"]
[Source "ChessBase"]
[SourceDate "2003.11.25"]
[SourceVersion "1"]
[SourceVersionDate "2003.11.25"]
[SourceQuality "1"]

1. e4 c5 2. Nf3 Nc6 3. Bb5 e6 4. 0-0 Nge7 5. Re1 a6 6. Bf1 d5 7. exd5 Qxd5 8. Nc3 Qd8 9. Ne4 Nf5 10. b3 Be7 11. Bb2 0-0 12. Ne5 Nxe5 13. Bxe5 b6 14. Bd3 Bb7 15. Qg4 f6 16. Bb2 Qd7 17. Qh3 Rae8 18. Ng3 g6 19. Nxf5 exf5 20. Re3 Bd8 21. Rae1 b5 22. Kf1 Bd5 23. Qh6 Rxe3 24. Rxe3 Re8 25. Bxf5 Qf7 26. Bg4 Re4 27. Bf3 Rxe3 28. Qxe3 Bxf3 29. Qxf3 Qe6 30. d3 Be7 31. Qe4 Qd6 32. Bc1 f5 33. Qf4 Qe6 34. Qb8+ Kg7 35. Bb2+ Bf6 36. Qc7+ Kg8 37. Bxf6 Qxf6 38. Qxc5 Qa1+ 39. Ke2 Qxa2 40. b4 Qe6+ 41. Kd2 Qf6 1/2-1/2

[Event "Niort op-A"]
[Site "Niort"]
[Date "2002.09.29"]
[Round "4"]
[White "Bouvier, Bruno"]
[Black "Loiret, Stanislas"]
[Result "1-0"]
[WhiteElo "2210"]
[BlackElo "2251"]
[PlyCount "105"]
[EventDate "2002.09.??"]
[EventType "swiss"]
[EventRounds "6"]
[EventCountry "FRA"]
[SourceTitle "EXT 2004"]
[Source "ChessBase"]
[SourceDate "2003.11.25"]
[SourceVersion "1"]
[SourceVersionDate "2003.11.25"]
[SourceQuality "1"]

1. e4 e5 2. Nc3 Nf6 3. Nf3 Nc6 4. g3 Bc5 5. Bg2 d6 6. d3 a6 7. 0-0 0-0 8. Be3 Bxe3 9. fxe3 Ne7 10. Nh4 Ng4 11. Qd2 Nh6 12. d4 c6 13. Rad1 Bg4 14. Bf3 Bh3 15. Bg2 Bg4 16. Nf3 f6 17. Rf2 Qc7 18. h3 Be6 19. dxe5 dxe5 20. Qd6 Qxd6 21. Rxd6 Bc8 22. Na4 Nf7 23. Rd1 Be6 24. Nc5 Rad8 25. Rfd2 Bc8 26. Nd7 Rfe8 27. Bf1 b5 28. b4 Nd5 29. exd5 Bxd7 30. c4 cxd5 31. Rxd5 Bc6 32. Rxd8 Rxd8 33. Rxd8+ Nxd8 34. Kf2 bxc4 35. Bxc4+ Kf8 36. Bxa6 h5 37. h4 Ke7 38. Nd2 g5 39. Be2 g4 40. Bd3 Ne6 41. Bc4 f5 42. Bd3 f4 43. Bg6 Kf6 44. Bxh5 fxe3+ 45. Kxe3 Nd4 46. Bxg4 Nc2+ 47. Kf2 e4 48. Nc4 Bb5 49. Bd1 Nxb4 50. Bb3 Nd5 51. Ne3 Ne7 52. Nd5+ Nxd5 53. Bxd5 1-0

[Event "Niort op-A"]
[Site "Niort"]
[Date "2002.09.29"]
[Round "5"]
[White "Saada, Julien"]
[Black "Bouvier, Bruno"]
[Result "1/2-1/2"]
[WhiteElo "2196"]
[BlackElo "2210"]
[PlyCount "70"]
[EventDate "2002.09.??"]
[EventType "swiss"]
[EventRounds "6"]
[EventCountry "FRA"]
[SourceTitle "EXT 2004"]
[Source "ChessBase"]
[SourceDate "2003.11.25"]
[SourceVersion "1"]
[SourceVersionDate "2003.11.25"]
[SourceQuality "1"]

1. d4 Nf6 2. Bg5 e6 3. e4 h6 4. Bxf6 Qxf6 5. Nf3 c5 6. c3 d6 7. dxc5 dxc5 8. Na3 Bd7 9. Nc4 Nc6 10. e5 Qd8 11. Be2 Be7 12. Nd6+ Bxd6 13. Qxd6 Qe7 14. 0-0-0 Qxd6 15. Rxd6 Ke7 16. Rhd1 Rhd8 17. Bd3 Be8 18. Be4 Rac8 19. g4 Rd7 20. Bxc6 Rxc6 21. Rxc6 Rxd1+ 22. Kxd1 Bxc6 23. Nd2 f6 24. f4 g5 25. fxg5 hxg5 26. exf6+ Kxf6 27. Ke2 Bd5 28. a3 Ke5 29. Ke3 b6 30. Nf1 Bb3 31. Nd2 Bc2 32. Nf3+ Kf6 33. Nd2 Ke5 34. Nc4+ Kd5 35. Nd2 Ke5 1/2-1/2

[Event "Saint Quentin op 5th"]
[Site "Saint Quentin"]
[Date "2002.??.??"]
[Round "8"]
[White "Bouvier, Bruno"]
[Black "Le Bled, Pierre"]
[Result "0-1"]
[WhiteElo "1830"]
[BlackElo "1770"]
[PlyCount "26"]
[EventDate "2002.04.21"]
[EventType "swiss"]
[EventRounds "9"]
[EventCountry "FRA"]
[SourceTitle "CBM 088 Extra"]
[Source "ChessBase"]
[SourceDate "2002.07.01"]
[SourceVersion "2"]
[SourceVersionDate "2002.07.01"]
[SourceQuality "1"]

1. d4 d5 2. c4 dxc4 3. Nf3 Nf6 4. e3 e6 5. Bxc4 c5 6. 0-0 a6 7. a4 Nc6 8. Nc3 Qc7 9. Qe2 Bd6 10. dxc5 Bxc5 11. e4 0-0 12. Rd1 Ng4 13. Rf1 Nd4 0-1

[Event "Saint Quentin op 5th"]
[Site "Saint Quentin"]
[Date "2002.??.??"]
[Round "7"]
[White "Jouy, Jean Louis"]
[Black "Bouvier, Bruno"]
[Result "0-1"]
[WhiteElo "1630"]
[BlackElo "1830"]
[PlyCount "66"]
[EventDate "2002.04.21"]
[EventType "swiss"]
[EventRounds "9"]
[EventCountry "FRA"]
[SourceTitle "CBM 088 Extra"]
[Source "ChessBase"]
[SourceDate "2002.07.01"]
[SourceVersion "2"]
[SourceVersionDate "2002.07.01"]
[SourceQuality "1"]

1. e4 c5 2. d4 cxd4 3. c3 dxc3 4. Nxc3 Nc6 5. Nf3 g6 6. h4 h5 7. Bc4 Bg7 8. Qe2 d6 9. Ng5 Nh6 10. Be3 0-0 11. f3 Bd7 12. Qd2 Rc8 13. Bb3 Qa5 14. Kf2 Ne5 15. Bd4 e6 16. Bxe5 Bxe5 17. Nxe6 Ng4+ 18. fxg4 fxe6+ 19. Ke2 Bf4 20. Qd3 hxg4 21. Rhf1 Rxc3 22. bxc3 Qe5 23. Kd1 Bc6 24. Qc4 d5 25. Qd4 Qh5 26. g3 Be5 27. Rxf8+ Kxf8 28. Qf2+ Ke7 29. Kc2 d4 30. cxd4 Bxe4+ 31. Kc3 Bd6 32. Rf1 Qa5+ 33. Kb2 Ba3+ 0-1

[Event "Rohde op 01st"]
[Site "Sautron"]
[Date "2001.11.04"]
[Round "9"]
[White "Bagaturov, Giorgi"]
[Black "Bouvier, Bruno"]
[Result "1-0"]
[WhiteElo "2473"]
[BlackElo "2251"]
[PlyCount "45"]
[EventDate "2001.10.27"]
[EventType "swiss"]
[EventRounds "9"]
[EventCountry "FRA"]
[SourceTitle "EXT 2003"]
[Source "ChessBase"]
[SourceDate "2002.11.25"]
[SourceVersion "1"]
[SourceVersionDate "2002.11.25"]
[SourceQuality "1"]

1. d4 d5 2. c4 dxc4 3. Nf3 e6 4. e3 c5 5. Bxc4 Nf6 6. 0-0 a6 7. Bb3 Nc6 8. Qe2 cxd4 9. Rd1 Qc7 10. exd4 Be7 11. Nc3 0-0 12. Bg5 Ng4 13. Bxe7 Nxe7 14. d5 exd5 15. Rac1 Ng6 16. Nxd5 Qd6 17. h3 Nh6 18. Nc7 Nf4 19. Qe3 Qf6 20. Nxa8 Bxh3 21. g3 Ne6 22. Nb6 Qf5 23. Rd5 1-0

[Event "Rohde op 01st"]
[Site "Sautron"]
[Date "2001.11.03"]
[Round "8"]
[White "Bouvier, Bruno"]
[Black "Makarov, Marat"]
[Result "0-1"]
[WhiteElo "2250"]
[BlackElo "2520"]
[PlyCount "52"]
[EventDate "2001.10.27"]
[EventType "swiss"]
[EventRounds "9"]
[EventCountry "FRA"]
[SourceTitle "EXT 2003"]
[Source "ChessBase"]
[SourceDate "2002.11.25"]
[SourceVersion "1"]
[SourceVersionDate "2002.11.25"]
[SourceQuality "1"]

1. e4 c5 2. Nf3 e6 3. Nc3 Nc6 4. d4 cxd4 5. Nxd4 Qc7 6. Be2 a6 7. Be3 Nf6 8. 0-0 Bb4 9. Na4 Bd6 10. f4 Nxe4 11. c4 0-0 12. Rc1 f5 13. c5 Be7 14. Qb3 Kh8 15. Rfd1 Rb8 16. Bf3 d5 17. cxd6 Bxd6 18. Bxe4 fxe4 19. Nxc6 bxc6 20. Bb6 Qe7 21. Rxd6 Qxd6 22. Bc5 Qxf4 23. Qd1 Re8 24. Bd6 Qe3+ 25. Kh1 Rb5 26. Rc3 Rd5 0-1

[Event "Avoine op 16th"]
[Site "Avoine"]
[Date "2001.??.??"]
[Round "5"]
[White "Bouvier, Bruno"]
[Black "Apicella, Manuel"]
[Result "0-1"]
[WhiteElo "2250"]
[BlackElo "2520"]
[PlyCount "72"]
[EventDate "2001.07.??"]
[EventType "swiss"]
[EventRounds "7"]
[EventCountry "FRA"]
[SourceTitle "EXT 2003"]
[Source "ChessBase"]
[SourceDate "2002.11.25"]
[SourceVersion "1"]
[SourceVersionDate "2002.11.25"]
[SourceQuality "1"]

1. e4 c5 2. Nf3 Nc6 3. d4 cxd4 4. Nxd4 Nf6 5. Nc3 d6 6. Bc4 Qb6 7. Nxc6 bxc6 8. 0-0 e6 9. Qe2 Be7 10. b3 0-0 11. Bb2 Qc7 12. f4 d5 13. Bd3 Bb7 14. Kh1 Nd7 15. exd5 cxd5 16. Nb5 Qd8 17. Bxh7+ Kxh7 18. Qh5+ Kg8 19. Bxg7 Kxg7 20. Rf3 Bh4 21. Qg4+ Bg5 22. fxg5 d4 23. Rd3 Ne5 24. Qxd4 Qxd4 25. Rxd4 Rfd8 26. Rad1 Rxd4 27. Rxd4 Ng6 28. c4 e5 29. Rd7 Bc6 30. Rc7 Rd8 31. Kg1 Bxb5 32. cxb5 Rd2 33. Rxa7 e4 34. Kf1 e3 35. g3 Ne5 36. Re7 Rf2+ 0-1

[Event "Avoine op 16th"]
[Site "Avoine"]
[Date "2001.??.??"]
[Round "2"]
[White "Bouvier, Bruno"]
[Black "Carvallo, Henri"]
[Result "1/2-1/2"]
[WhiteElo "2250"]
[BlackElo "2160"]
[PlyCount "32"]
[EventDate "2001.07.??"]
[EventType "swiss"]
[EventRounds "7"]
[EventCountry "FRA"]
[SourceTitle "EXT 2003"]
[Source "ChessBase"]
[SourceDate "2002.11.25"]
[SourceVersion "1"]
[SourceVersionDate "2002.11.25"]
[SourceQuality "1"]

1. e4 d6 2. d4 Nf6 3. Nc3 c6 4. Nf3 Bg4 5. Be3 e6 6. Bd3 d5 7. h3 Bh5 8. a3 Be7 9. Qe2 Bg6 10. Nd2 dxe4 11. Ndxe4 Nbd7 12. 0-0-0 Nxe4 13. Nxe4 Nf6 14. Nxf6+ Bxf6 15. f4 Bxd3 16. Rxd3 Qd5 1/2-1/2

[Event "Creon op 6th"]
[Site "Creon"]
[Date "2001.??.??"]
[Round "6"]
[White "Bouvier, Bruno"]
[Black "Larand, Manuel"]
[Result "1-0"]
[WhiteElo "2296"]
[BlackElo "2066"]
[PlyCount "21"]
[EventDate "2001.??.??"]
[EventType "swiss"]
[EventRounds "9"]
[EventCountry "FRA"]
[SourceTitle "EXT 2002"]
[Source "ChessBase"]
[SourceDate "2001.11.25"]
[SourceVersion "1"]
[SourceVersionDate "2001.11.25"]
[SourceQuality "1"]

1. e4 d6 2. d4 Nf6 3. Nc3 g6 4. Be3 c6 5. Qd2 b5 6. g3 Nbd7 7. g4 h5 8. g5 Nh7 9. d5 cxd5 10. Nxd5 e6 11. Qc3 1-0

[Event "Avoine op 16th"]
[Site "Avoine"]
[Date "2001.??.??"]
[Round "7"]
[White "Bouvier, Bruno"]
[Black "Lejarre, Ludovic"]
[Result "0-1"]
[WhiteElo "2250"]
[BlackElo "2185"]
[PlyCount "26"]
[EventDate "2001.07.??"]
[EventType "swiss"]
[EventRounds "7"]
[EventCountry "FRA"]
[SourceTitle "EXT 2003"]
[Source "ChessBase"]
[SourceDate "2002.11.25"]
[SourceVersion "1"]
[SourceVersionDate "2002.11.25"]
[SourceQuality "1"]

1. e4 e5 2. Nc3 Nf6 3. g3 Bc5 4. Bg2 0-0 5. Nf3 d5 6. exd5 e4 7. Ng5 Bg4 8. Ne2 Re8 9. h4 h6 10. Nh3 Nxd5 11. 0-0 Nc6 12. Kh2 Nd4 13. Nhg1 Nf4 0-1

[Event "Creon op 6th"]
[Site "Creon"]
[Date "2001.??.??"]
[Round "7"]
[White "Bratanov, Zsivko"]
[Black "Bouvier, Bruno"]
[Result "1-0"]
[WhiteElo "2434"]
[BlackElo "2296"]
[PlyCount "185"]
[EventDate "2001.??.??"]
[EventType "swiss"]
[EventRounds "9"]
[EventCountry "FRA"]
[SourceTitle "EXT 2002"]
[Source "ChessBase"]
[SourceDate "2001.11.25"]
[SourceVersion "1"]
[SourceVersionDate "2001.11.25"]
[SourceQuality "1"]

1. d4 d5 2. c4 dxc4 3. Nf3 a6 4. e3 e6 5. Bxc4 c5 6. 0-0 Nf6 7. a3 Nbd7 8. Ba2 Be7 9. Nc3 0-0 10. Qe2 b5 11. e4 cxd4 12. Nxd4 Qc7 13. Bg5 Bb7 14. Rac1 Bc5 15. Nf3 Qb8 16. Rfd1 Rc8 17. Bh4 Bc6 18. Nd4 Bxd4 19. Rxd4 Qf4 20. Bxf6 Qxc1+ 21. Rd1 Qf4 22. Be7 Nf6 23. f3 Ra7 24. Bd6 Qh6 25. Qf2 Rb7 26. h3 Nd7 27. Kh2 a5 28. b4 axb4 29. Bxb4 Nb6 30. Qc5 Qf4+ 31. Kh1 Qb8 32. Qg5 h6 33. Qg4 Nc4 34. Bxc4 bxc4 35. Bd6 Qa8 36. Be5 g6 37. Qh4 Kh7 38. Bf4 Qa5 39. Qxh6+ Kg8 40. Nd5 exd5 41. Be5 f6 42. Qxg6+ Rg7 43. Qxf6 Rcc7 44. Qd8+ Kh7 45. Bxg7 Kxg7 46. exd5 Ba4 47. d6 Ra7 48. Qxa5 Rxa5 49. d7 Bxd7 50. Rxd7+ Kf6 51. Rc7 Ra4 52. h4 Ke5 53. h5 Kd4 54. Kh2 c3 55. g4 Rc4 56. Rxc4+ Kxc4 57. h6 c2 58. h7 c1Q 59. h8Q Qxa3 60. Qf6 Kd3 61. Kg3 Ke2 62. Qe6+ Kf1 63. Qc4+ Ke1 64. Qd4 Ke2 65. Qe4+ Kf1 66. Qb1+ Ke2 67. Qc2+ Ke1 68. Qf2+ Kd1 69. Qd4+ Ke2 70. Qe5+ Kf1 71. g5 Qe3 72. Qb5+ Ke1 73. Qb1+ Ke2 74. Qe4 Kf1 75. Kg4 Qg1+ 76. Kf5 Qc5+ 77. Qe5 Qc8+ 78. Kf4 Qc1+ 79. Kg4 Qc8+ 80. Kg3 Qc2 81. Qa1+ Ke2 82. Qa6+ Ke1 83. Qe6+ Kf1 84. g6 Qf2+ 85. Kg4 Qg1+ 86. Kf5 Qc5+ 87. Qe5 Qc2+ 88. Kf6 Qc6+ 89. Kg5 Qc1+ 90. f4 Qc4 91. g7 Kg2 92. Kf6 Kh1 93. Qh5+ 1-0

[Event "FRA-ch Accession"]
[Site "Vichy"]
[Date "2000.08.26"]
[Round "10"]
[White "Bouvier, Bruno"]
[Black "Bardel, Stephan"]
[Result "1-0"]
[WhiteElo "2298"]
[BlackElo "2269"]
[PlyCount "67"]
[EventDate "2000.08.16"]
[EventType "swiss"]
[EventRounds "11"]
[EventCountry "FRA"]
[SourceTitle "EXT 2001"]
[Source "ChessBase"]
[SourceDate "2000.11.22"]
[SourceVersion "1"]
[SourceVersionDate "2000.11.22"]
[SourceQuality "1"]

1. e4 c5 2. Nf3 e6 3. d4 cxd4 4. Nxd4 Nf6 5. Bd3 Nc6 6. Be3 d5 7. exd5 Nxd4 8. Bxd4 Qxd5 9. 0-0 Bd7 10. Be2 Bc5 11. Bxc5 Qxc5 12. c4 Bc6 13. Nc3 Rd8 14. Qc1 0-0 15. Rd1 Qe5 16. Qe3 Qxe3 17. fxe3 Rxd1+ 18. Rxd1 Rc8 19. b4 Kf8 20. Kf2 Ke7 21. a3 b6 22. a4 a5 23. Rb1 Ne4+ 24. Nxe4 Bxe4 25. Rb2 Bc6 26. c5 bxc5 27. bxa5 Ra8 28. a6 Kd6 29. Rb6 Rc8 30. Bf3 Kd7 31. Rxc6 Rxc6 32. a7 Ra6 33. a8Q Rxa8 34. Bxa8 1-0

[Event "Parthenay IM"]
[Site "Parthenay"]
[Date "2000.07.14"]
[Round "8"]
[White "Doornbos, Yann"]
[Black "Bouvier, Bruno"]
[Result "0-1"]
[WhiteElo "2356"]
[BlackElo "2298"]
[PlyCount "116"]
[EventDate "2000.07.08"]
[EventType "tourn"]
[EventRounds "9"]
[EventCountry "FRA"]
[EventCategory "4"]
[SourceTitle "EXT 2001"]
[Source "ChessBase"]
[SourceDate "2000.11.22"]
[SourceVersion "1"]
[SourceVersionDate "2000.11.22"]
[SourceQuality "1"]

1. Nf3 d5 2. c4 dxc4 3. Qa4+ c6 4. Qxc4 Nf6 5. g3 g6 6. Bg2 Bg7 7. 0-0 0-0 8. Nc3 Nfd7 9. d4 e5 10. dxe5 Nxe5 11. Nxe5 Bxe5 12. Bh6 Re8 13. Rad1 Qb6 14. Qh4 Bf5 15. g4 Qxb2 16. gxf5 Bxc3 17. fxg6 hxg6 18. Rb1 Qxe2 19. Rxb7 Qxa2 20. Rc1 Bg7 21. Bxg7 Kxg7 22. Qd4+ Kg8 23. Bf1 Qd5 24. Qf4 Qf5 25. Qxf5 gxf5 26. Bc4 Rf8 27. Rc3 Kg7 28. Rf3 Kf6 29. Bd3 Rg8+ 30. Kf1 Rg5 31. Bc4 a5 32. Rxf7+ Ke5 33. Ra3 Rh5 34. h3 Kd4 35. Be2 Rh8 36. Rxf5 a4 37. Bd1 Nd7 38. Rf4+ Kd5 39. Rfxa4 Rxa4 40. Bxa4 Ne5 41. Bb3+ Kd4 42. Ra4+ Kd3 43. Be6 Rf8 44. Kg2 Rf6 45. Bg4 c5 46. f4 Nf7 47. Kf2 Nd6 48. Be2+ Kd2 49. Kf3 Nf5 50. Bc4 Nd4+ 51. Ke4 Kc3 52. Bd5 Kd2 53. Rc4 Rh6 54. Rxc5 Ne2 55. Ra5 Rxh3 56. Ra2+ Ke1 57. Ra1+ Kf2 58. f5 Re3# 0-1

[Event "Parthenay IM"]
[Site "Parthenay"]
[Date "2000.07.10"]
[Round "3"]
[White "Balogh, Tomas"]
[Black "Bouvier, Bruno"]
[Result "1/2-1/2"]
[WhiteElo "2421"]
[BlackElo "2298"]
[PlyCount "44"]
[EventDate "2000.07.08"]
[EventType "tourn"]
[EventRounds "9"]
[EventCountry "FRA"]
[EventCategory "4"]
[SourceTitle "EXT 2001"]
[Source "ChessBase"]
[SourceDate "2000.11.22"]
[SourceVersion "1"]
[SourceVersionDate "2000.11.22"]
[SourceQuality "1"]

1. d4 d5 2. Nf3 Nf6 3. Bf4 g6 4. h3 c5 5. c3 Bg7 6. e3 0-0 7. Be2 Nc6 8. 0-0 a6 9. Nbd2 Nd7 10. Qb3 c4 11. Qc2 e5 12. dxe5 Ndxe5 13. Nxe5 Nxe5 14. Bxe5 Bxe5 15. Nf3 Bf6 16. Rad1 Qa5 17. a3 Rd8 18. Nd4 Bd7 19. Rd2 Ba4 20. Qc1 Qc5 21. Bd1 Bd7 22. Bf3 a5 1/2-1/2

[Event "Saint Quentin op"]
[Site "Saint Quentin"]
[Date "2000.??.??"]
[Round "3"]
[White "Bouvier, Bruno"]
[Black "Gidel, Jean Louis"]
[Result "1/2-1/2"]
[WhiteElo "2266"]
[BlackElo "2082"]
[PlyCount "61"]
[EventDate "2000.??.??"]
[EventType "swiss"]
[EventRounds "9"]
[EventCountry "FRA"]
[SourceTitle "EXT 2001"]
[Source "ChessBase"]
[SourceDate "2000.11.22"]
[SourceVersion "1"]
[SourceVersionDate "2000.11.22"]
[SourceQuality "1"]

1. e4 d5 2. exd5 Qxd5 3. Nc3 Qa5 4. d4 c6 5. Bc4 Nf6 6. Nf3 Bf5 7. Ne5 e6 8. g4 Bg6 9. h4 Nbd7 10. Nxg6 hxg6 11. Qe2 Nd5 12. Bd2 Nxc3 13. bxc3 Be7 14. h5 gxh5 15. Bb3 0-0-0 16. 0-0-0 Nb6 17. Kb1 h4 18. f4 Qa3 19. Bc1 Qa5 20. Rh3 Ba3 21. Bd2 Qa6 22. Qxa6 bxa6 23. f5 exf5 24. Bxf7 fxg4 25. Be6+ Kc7 26. Bxg4 Nc4 27. Bf4+ Rd6 28. Ka1 Bb2+ 29. Kb1 Ba3 30. Ka1 Bb2+ 31. Kb1 1/2-1/2